| 000 | 00599nam a2200217 4500 | ||
|---|---|---|---|
| 003 | OSt | ||
| 005 | 20240731042806.0 | ||
| 006 | a | ||
| 008 | 240731b |||||||| |||| 00| 0 eng d | ||
| 020 | _a9781407565606 | ||
| 040 |
_aDWCL-Main lib. _cOC |
||
| 082 | _aGR. 912 W927 2009 | ||
| 110 | _aLiz Mckay | ||
| 245 | _aThe world atlas and encyclopedia / | ||
| 260 |
_aBath, UK : _bParragon, Books Ltd., _cc2009. |
||
| 300 |
_b336 p. : col. ill. ; maps ; _c32 cm. |
||
| 504 | _aIncludes index. | ||
| 650 | _a1. Atlases. | ||
| 650 | _a2. Encyclopedias and dictionaries. | ||
| 942 |
_2ddc _n0 _cGR _kGR. |
||
| 999 |
_c3014 _d3014 |
||